LIBRARY & INFORMATION CENTRE, KCAET, TAVANUR

ONLINE PUBLIC ACCESS CATALOGUE (OPAC)

Complete poems of D H Lawrence, Vol 2 / (Record no. 4219)

MARC details
000 -LEADER
fixed length control field 00385cam a2200145ua 4500
041 ## - LANGUAGE CODE
Language code of text/sound track or separate title eng
082 ## - DEWEY DECIMAL CLASSIFICATION NUMBER
Classification number 821
Item number LAW/CO
100 ## - MAIN ENTRY--AUTHOR NAME
Personal name Lawrence, D H .
245 ## - TITLE STATEMENT
Title Complete poems of D H Lawrence, Vol 2 /
260 ## - PUBLICATION, DISTRIBUTION, ETC. (IMPRINT)
Place of publication London :
Name of publisher Heinemann Educational Books Ltd. ,
Year of publication 1964.
300 ## - PHYSICAL DESCRIPTION
Number of Pages 1072 ; .
942 ## - ADDED ENTRY ELEMENTS (KOHA)
Koha item type Books
Holdings
Withdrawn status Lost status Damaged status Home library Current library Date acquired Cost, normal purchase price Full call number Accession Number Koha item type Public note
Withdrawn     KAUAET Central Prison Tavanur 07/04/2012 63.00 821 6742 Books Transferred to Central Prison
free website counter